000 00835nam a2200253 i 4500
001 000032925
003 DO-SdBNP
005 20251107133717.0
007 ta
008 110801s1951 dr 000 0 spa d
040 _aDO-SdBNP
_bspa
_cBNPHU
_erda
041 _aspa
082 4 _a336.7293
_bG643h
_222
100 1 _aGonzález Herrera, Julio,
_eautor
_d1902-1961.
_4aut.
_923847
245 1 0 _aHistoria de las finanzas dominicanas /
_cJulio González Herrera.
260 1 _aCiudad Trujillo, República Dominicana :
_bMontalvo,
_c1951.
300 _a76 páginas ;
_c21 cm.
336 _atexto
_btxt
_2rdacontent
337 _asin mediación
_bn
_2rdamedia
338 _avolumen
_bnc
_2rdacarrier
650 0 _aFinanzas públicas
_zRepública Dominicana
_xHistoria
_932168
910 _aValidado. Control de calidad MFF
942 _2ddc
_cLBS1
999 _c32416
_d32416